قرار وزير المالية : (Record no. 9241)
[ view plain ]
| 000 -الفاتح | |
|---|---|
| حقل البيانات ثابتة الطول | 01406nac a22001931u 4500 |
| 008 - عناصر البيانات ثابتة الطول - معلومات عامة | |
| حقل البيانات ثابتة الطول | 101013s2008 xxu||||| |||| 00| 0 ara d |
| 082 ## - رقم تصنيف ديوى العشرى | |
| رقم التصنيف | 344.02962 |
| رقم المادة | ق ر ا |
| 245 ## - بيان العنوان | |
| العنوان | قرار وزير المالية : |
| بقية العنوان | رقم 554 لسنة 2007: بشأن القواعد المنفذة لقانون التأمين الاجتماعى الصادر بالقانون رقم 79 لسنة 1975 / |
| بيان المسئوليه,etc | إعداد ومراجعة حلمى عبد العظيم حسن ، محمد رشاد عبد الوهاب |
| 250 ## - بيان الطبعة | |
| بيان الطبعة | ط 2. |
| 260 ## - PUBLICATION, DISTRIBUTION, ETC. (IMPRINT) | |
| اسم الناشر او الموزع | القاهرة : |
| تاريخ النشر أو التوزيع | الهيئة العامة لشئون المطابع الأميرية ،2008 |
| مكان الناشر او الموزع | 2008. |
| 300 ## - الوصف المادى | |
| التعداد | 274 ص ؛ |
| أبعاد الوعاء | 32 سم. |
| 650 ## - المدخل الاضافى بالموضوع-مصطلح موضوعى | |
| مصطلح موضوعي أو اسم جغرافي كعنصر مدخل | التأمين الاجتماعي |
| التقسيم الفرعي العام | قوانين وتشريعات |
| 9 (RLIN) | 20366 |
| التقسيم الفرعي الجغرافي | مصر |
| 700 ## - المدخل الاضافى - اسم شخصى | |
| الإسم الشخصى | حسن ، حلمى عبد العظيم |
| 9 (RLIN) | 20367 |
| الدور | إعداد ومراجعة |
| 700 ## - المدخل الاضافى - اسم شخصى | |
| الإسم الشخصى | عبد الوهاب ، محمد رشاد |
| 9 (RLIN) | 20368 |
| الدور | إعداد ومراجعة |
| 710 ## - المدخل الاضافى - اسم هيئه | |
| اسم الهيئة أو اسم السلطة كمدخل | Al Hayaa Al Ama Le Sheoon Al Matabea Al Amereya |
| 9 (RLIN) | 20369 |
| 942 ## - عناصر المدخل الإضافي( كوها) | |
| Koha [default] item type | Book - Borrowing |
| سابقة رقم الطلب | 344.02962 ق ر ا |
| مصدر التصنيف او مخطط الترفيف | Dewey Decimal Classification |
| حالة التراجع | حالة الفقد | مصدر التصنيف او خطة الترفيف | حالة تلف | ليس للاعارة | مجموعات كوها | المكان الدائم | المكان الحالي | موقع الترفيف | تاريخ الاكتساب | Source of acquisition | رقم الاستدعاء | الباركود | Date last seen | التكلفة | نوع الوعاء |
|---|---|---|---|---|---|---|---|---|---|---|---|---|---|---|---|
| Dewey Decimal Classification | Central Library | Central Library | First floor | 12/01/2011 | 344.02962 ق ر ا | 000011187 | 15/07/2025 | 30.00 | Book - Borrowing | ||||||
| Dewey Decimal Classification | Central Library | Central Library | First floor | 12/01/2011 | 344.02962 ق ر ا | 000011188 | 15/07/2025 | 30.00 | Book - Borrowing |